000 00586nam a2200157Ia 4500
005 20240416043513.0
008 240331s9999 xx 000 0 und d
082 _bLET
_a323.4
245 0 _aLets work together for the protection of human rights of Filipino women
_bA documentation Report on the Human Rights Situation of Filipino Women /
_cGabriela Women's Comission on Human Rights .
260 _aPhilippines;
_bGabriela women's Commission on Human Rights /
_c1989.
300 _a116 p.,
650 _aWomen
650 _aHuman Rights
700 _aMarciano, Marie.
_eedt
942 _cL
999 _c2492
_d2492